Normal view
MARC view
- PROJECT SUPERVISOR Brig. Dr.Tahir Zaidi
Entry Personal Name
001 - CONTROL NUMBER
- control field: 70972
003 - CONTROL NUMBER IDENTIFIER
- control field: NUST
005 - DATE AND TIME OF LATEST TRANSACTION
- control field: 20210628204556.0
008 - FIXED-LENGTH DATA ELEMENTS
- fixed length control field: 210628|| aca||aabn | a|a d
040 ## - CATALOGING SOURCE
- Original cataloging agency: NUST
- Transcribing agency: NUST
100 ## - HEADING--PERSONAL NAME
- Personal name: PROJECT SUPERVISOR Brig. Dr.Tahir Zaidi
670 ## - SOURCE DATA FOUND
- Source citation: Work cat.: (NUST): Muhammad Basil Sami Hamad Khan Afridi Muhammad Ahsan Hashmi Muhammad Zakaria 70971, PR-SOF-1585- HOLTER MONITOR, 2017
